000 00346nam a2200133 a 4500
005 20140310183322.0
008 060302s19uu xx 00 eng d
020 _a0-671-51953-0
100 _aCoonts, Stephen
245 _aThe intruders /
_cStephen Coonts.
260 _aNew York :
_bPocket Books,
_cc1995.
300 _a375 p. ; cm.
942 _cBK
999 _c21427
_d21427